000 00771 a2200217 4500
010 _aENG-89939
020 _a8125032649
_c60.00
035 _aEN-73472
037 _bDBAD / PUB
082 1 4 _a880
090 _c12014
_d12014
245 1 _aRealms of gold:
_cedited by Sarjerao Sagare, Nivrutti Pawar [and] Ramesh Ingale
_ban anthology for degree classes/
260 _aNew Delhi
_bOrient Longman
_c2007
270 _a1/24, Asaf Ali Road,
_bNew Delhi
_e110002
_mdelgeneral@orientlongman.com
_cDelhi
300 _avi, 225p.
_c22 cm (pbk)
700 _aSagare, Sarjerao
700 _aPawer, Nivrutti
700 _aIngale, Ramesh
942 _adpl
_cEN
_k880 / REA
999 _c11660
_d11660